Maiores Cidades do Nordeste Brasileiro - Statistics

Estatísticas Gerais
  • Esse quiz foi jogado 385 vezes
  • A pontuação média é 23 de 30
Estatísticas das Respostas
Estado Posição População Letra Cidade Dica % Correto
Bahia 1 2 902 927 S Salvador Primeira Capital do Brasil
98%
Alagoas 5 1 005 319 M Maceió Paraíso das Águas
97%
Ceará 2 2 571 896 F Fortaleza "Capital Alencarina"
96%
Pernambuco 3 1 608 488 R Recife Veneza Brasileira
96%
Maranhão 4 1 064 197 SL São Luis Invadida por Holandeses
94%
Paraíba 8 780 738 JP João Pessoa Ponta do Seixas
93%
Rio G do N 6 862 044 N Natal Arena das Dunas
93%
Pernambuco 13 388 821 O Olinda Cidade mais famosa de PE; Centro Histórico
91%
Sergipe 10 623 766 A Aracajú Cidade das Araras e dos Cajus
90%
Piauí 7 840 600 T Teresina Conurbada a Timom-MA; Meio Norte
89%
Bahia 11 612 000 FS Feira de Santana A maior do interior do NE
88%
Bahia 27 214 748 J Juazeiro Óasis do Sertão do São Francisco
88%
Paraíba 12 402 912 CG Campina Grande Capital do São João
86%
Bahia 16 340 199 VC Vitória da Conquista Capital do Sudoeste da Bahia
82%
Pernambuco 15 342 328 C Caruaru Uma das maiores feiras ao ar livre do mundo
79%
Ceará 21 261 289 JN Juazeiro do Norte Terra de Padre Cícero
78%
Pernambuco 17 326 017 P Petrolina Capital da Uva e do São Francisco
78%
Bahia 30 184 616 I Ilhéus Berço de Jorge Amado
77%
Pernambuco 9 680 943 JdG Jaboatão dos Guararapes Pólo de Investimentos; RM Recife
74%
Rio G do N 19 280 314 M Mossoró Terra do Sal
74%
Maranhão 22 251 468 I Imperatriz RM do Sudoeste Maranhense
68%
Ceará 28 197 663 S Sobral Uma das 10 cidades do futuro da América
67%
Alagoas 24 227 640 A Arapiraca Capital do Fumo
66%
Bahia 20 275 575 C Camaçari Cidade Industrial da RM Salvador
58%
Bahia 25 218 124 I Itabuna Região do Cacau
53%
Ceará 14 349 526 C Caucaia RM de Fortaleza
51%
Pernambuco 29 196 152 CdeSA Cabo de Santo Agostinho Polo industrial de PE
49%
Pernambuco 18 316 714 P Paulista Capital dos Eucaliptos; RM Recife
49%
Rio G do N 23 229 414 P Parnamirim RM de Natal
42%
Ceará 26 217 922 M Maracanaú Terra da Miss Brasil 2014 - Melissa
30%
Nenhum quiz correspondente encontrado
Distribuição das Pontuações
Porcentagem de Pessoas com Cada Pontuação
Percentil de Números Respondidos
Sua Pontuação Histórica
Você não jogou esse quiz